书目信息 |
| 题名: |
基于可计算一般均衡模型的决策支持系统
|
|
| 作者: | 李彤, , 翟凡 编著 | |
| 分册: | ||
| 出版信息: | 上海 上海三联书店 2007.04 |
|
| 页数: | 137页 | |
| 开本: | 21cm | |
| 丛书名: | ||
| 单 册: | ||
| 中图分类: | C934 | |
| 科图分类: | ||
| 主题词: | 决策支持系统--jue ce zhi chi xi tong--研究 | |
| 电子资源: | ||
| ISBN: | 978-7-5426-2466-6 | |
| 000 | 00927nam0 2200253 450 | |
| 001 | 012008158999 | |
| 005 | 20080602085906.50 | |
| 010 | @a978-7-5426-2466-6@dCNY15.00 | |
| 100 | @a20080602d2007 em y0chiy0120 ea | |
| 101 | 0 | @achi |
| 102 | @aCN@b310000 | |
| 105 | @ay z 000yy | |
| 106 | @ar | |
| 200 | 1 | @a基于可计算一般均衡模型的决策支持系统@Aji yu ke ji suan yi ban jun heng mo xing de jue ce zhi chi xi tong@f李彤, 翟凡编著@Fli tong,zhai fan bian zhu |
| 210 | @a上海@c上海三联书店@d2007.04 | |
| 215 | @a137页@d21cm | |
| 300 | @a深圳大学学术著作出版基金资助 | |
| 330 | @a本书内容包括:决策支持系统、一个基于时件驱动的Agent模型、面向CGE模型的DSS结构CGEDSS,一个面向中国CGE模型的DSS等。 | |
| 606 | 0 | @a决策支持系统@Ajue ce zhi chi xi tong@x研究 |
| 690 | @aC934@v4 | |
| 701 | 0 | @a李彤,@Ali tong@f1964.5- @4编著 |
| 701 | 0 | @a翟凡@Azhai fan@4编著 |
| 801 | 0 | @aCN@bQSSK@c20080602 |
| 905 | @b721336-37@dC934@eL272@f2 | |
| 基于可计算一般均衡模型的决策支持系统/李彤, 翟凡编著.-上海:上海三联书店,2007.04 |
| 137页;21cm |
| 深圳大学学术著作出版基金资助 |
| ISBN 978-7-5426-2466-6:CNY15.00 |
| 本书内容包括:决策支持系统、一个基于时件驱动的Agent模型、面向CGE模型的DSS结构CGEDSS,一个面向中国CGE模型的DSS等。 |
| ● |
| 相关链接 |
|
|
|
正题名:基于可计算一般均衡模型的决策支持系统
索取号:C934/L272
 
预约/预借
| 序号 | 登录号 | 条形码 | 馆藏地/架位号 | 状态 | 备注 |
| 1 | 721336 | 207213362 | 社科库509/509社科库 65排9列4层/ [索取号:C934/L272] | 在馆 | |
| 2 | 721337 | 207213371 | 社科库509/509社科库 65排9列4层/ [索取号:C934/L272] | 在馆 |